Statistics for Rulers of Russia: Emperors of Russia, 1721–1917

Click here to take the quiz!

General Stats

  • This quiz has been taken 227 times
  • The average score is 12 of 15

Answer Stats

Ruled inEmperor of Russia% Correct
1 November 1894 – 15 March 1917Nicholas II
97%
8 February 1725 – 17 May 1727Catherine I
96%
2 November 1721 – 8 February 1725Peter I
96%
9 January 1762 – 9 July 1762Peter III
96%
9 July 1762 – 17 November 1796Catherine II
95%
18 May 1727 – 30 January 1730Peter II
95%
1 December 1825 – 2 March 1855Nicholas I
94%
23 March 1801 – 1 December 1825Alexander I
91%
2 March 1855 – 13 March 1881Alexander II
91%
13 March 1881 – 1 November 1894Alexander III
91%
28 October 1740 – 6 December 1741Ivan VI
81%
17 November 1796 – 23 March 1801Paul I
63%
6 December 1741 – 5 January 1762Elizabeth
61%
13 February 1730 – 28 October 1740Anna
52%
1 December 1825 – 26 December 1825Constantine Pavlovich
35%

Score Distribution

Percentile by Number Answered

Percent of People with Each Score

Your Score History

You have not taken this quiz